Loading...
| Fine Arts - Classical Music | 5 | 10.00 | 60% | 40% | 0% |
| Fine Arts - Other | 5 | 8.00 | 60% | 0% | 20% |
| Fine Arts - Painting and Sculpture | 4 | 5.00 | 50% | 0% | 0% |
| Geography | 4 | 15.00 | 100% | 50% | 0% |
| History - American | 5 | 10.00 | 100% | 0% | 0% |
| History - European | 7 | 17.14 | 100% | 57% | 14% |
| History - Other | 4 | 12.50 | 75% | 50% | 0% |
| History - World | 4 | 15.00 | 100% | 50% | 0% |
| Literature - American | 4 | 12.50 | 100% | 25% | 0% |
| Literature - British | 2 | 15.00 | 100% | 50% | 0% |
| Literature - European | 5 | 12.00 | 100% | 20% | 0% |
| Literature - World | 3 | 10.00 | 100% | 0% | 0% |
| Mythology | 2 | 15.00 | 100% | 0% | 50% |
| Philosophy | 1 | 10.00 | 100% | 0% | 0% |
| Religion | 4 | 12.50 | 75% | 50% | 0% |
| Science - Biology | 6 | 16.67 | 100% | 50% | 17% |
| Science - Chemistry | 2 | 20.00 | 100% | 100% | 0% |
| Science - Other | 3 | 13.33 | 100% | 33% | 0% |
| Science - Physics | 6 | 13.33 | 100% | 33% | 0% |
| Social Science | 6 | 10.00 | 100% | 0% | 0% |